00215nam a2200097Ia 4500008004100000041000800041100001700049245003400066260000900100300000800109240521s1999 xx 000 0 und d aeng aBUDHANANDA S aWILL- POWER & ITS DEVELOPMENT c1999 a536